All Title Fight Songs, Albums and EPs - Statistics

General Stats
  • This quiz has been taken 11 times
  • The average score is 28 of 55
Answer Stats
Answer % Correct
Shed
100%
Shed (2011)
100%
Floral Green (2012)
90%
Head in the Ceiling Fan
90%
Safe in Your Skin
90%
Coxton Yard
80%
Mrahc
80%
Where am I?
80%
Hyperview (2015)
70%
Symmetry
70%
Chlorine
60%
GMT (Greenwich Mean Time)
60%
Hypernight
60%
In-Between
60%
Leaf
60%
Murder Your Memory
60%
Numb, But I Still Feel It
60%
Rose of Sharon
60%
Secret Society
60%
Society
60%
Spring Songs (2013)
60%
Your Pain is Mine Now
60%
27
50%
Calloused
50%
Crescent-Shaped Depression
50%
Dizzy
50%
Introvert
50%
Lefty
50%
Liar's Love
50%
Like a Ritual
50%
The Last Thing You Forget (2009)
50%
Trace Me Onto You
50%
Western Haikus
50%
Anaconda Sniper
40%
Be a Toy
40%
Blush
40%
Evander
40%
Frown
40%
Loud and Clear
40%
Make You Cry
40%
Receiving Line
40%
Stab
40%
Sympathy
40%
You Can't Say Kingston Doesn't Love You
40%
Your Screen Door
40%
Memorial Field
30%
New Vision
30%
Room 200
30%
Youreyeah
30%
Goldwaite
20%
Hypnotize
20%
Neck Deep
20%
No One Stays at the Top Forever
20%
Face Ghost
10%
Flood of 72
10%
No matching quizzes found
Score Distribution
Percent of People with Each Score
Percentile by Number Answered
Your Score History
You have not taken this quiz